La Galatea

Պահպանված է:
Մատենագիտական մանրամասներ
Հիմնական հեղինակ: Cervantes Saavedra, Miguel de
Ձևաչափ: Գիրք
Լեզու:Undetermined
Հրապարակվել է: Madrid, España Espasa-Calpe 1961
Խորագրեր:
Ցուցիչներ: Ավելացրեք ցուցիչ
Չկան պիտակներ, Եղեք առաջինը, ով նշում է այս գրառումը!

MARC

LEADER 00000nam a2200000Ia 4500
008 170316s9999 xx 000 0 und d
040 |a cru BVZT 
090 |a 862 C-37g v.1 
100 |a Cervantes Saavedra, Miguel de 
245 |a La Galatea 
260 |a Madrid, España 
260 |b Espasa-Calpe 
260 |c 1961 
300 |a 239 páginas TomoI. 
650 |a LITERATURA ESPAÑOLA 
999 |c 9701  |d 9701 
942 |c 15 D  |h 862 C-37g v.1  |2 z